000
00425nam a2200181Ia 4500
008
090124s9999 xx 000 0 und d
082
_b
19908
_a
3553
100
_a
आपटे ह. ना.
245
_a
आजच
250
_a
2
260
_c
1965
300
_a
212
600
_a
आपटे ह. ना.
630
_a
आजच
700
_a
आपटे ह. ना.
730
_a
आजच
942
_c
BOOK
999
_c
133723
_d
133723